000 00786nam a2200217Ii 4500
003 JO-AjNU
008 230605s9999||||xx |||||||||||||| ||und||
017 _a2010/11/4222
020 _a978-9957-492-95-3
040 _aJO-AjNU
_bara
_erda
_cJO-AjNU
041 _aara
050 1 4 _aLB2805.S535 2011
100 3 _aالشراري، خالد جويس,
_eauthor
_930378
245 0 0 _aالمشكلات التربوية التي تواجه أقطاب العملية التربوية
264 3 1 _aاربد: دار الكتاب الثقافي، 2011
300 _a186ص
336 _atext
_btxt
_2rdacontent
337 _aunmediated
_bn
_2rdamedia
338 _avolume
_bnc
_2rdacarrier
650 4 _aالادارة التربوية - التربية - الاشراف التربوي
_930379
999 _aA12034
_c15602
_d15602